Vilka länder ligger i Europa? - Statistics

General Stats
  • This quiz has been taken 164 times
  • The average score is 32 of 45
Answer Stats
Hint Answer % Correct
Europa Norge
97%
Europa Sverige
95%
Europa Finland
94%
Europa Spanien
94%
Europa Tyskland
91%
Europa Danmark
89%
Europa Estland
86%
Europa Albanien
84%
Europa Belgien
84%
Europa Portugal
84%
Europa Frankrike
82%
Europa Island
82%
Europa Lettland
82%
Europa Litauen
80%
Europa Italien
79%
Europa Nederländerna
79%
Europa Andorra
78%
Europa Irland
75%
Europa Polen
75%
Europa Slovakien
75%
Europa Slovenien
75%
Europa Österrike
74%
Europa Grekland
73%
Europa Rumänien
72%
Europa Kroatien
70%
Europa Ryssland
70%
Europa Serbien
68%
Europa Luxemburg
67%
Europa Ukraina
66%
Europa Bulgarien
64%
Europa Tjeckien
62%
Europa Vitryssland
62%
Europa Ungern
61%
Europa Vatikanstaten
61%
Europa Kosovo
59%
Europa Malta
59%
Europa Schweiz
58%
Europa Moldavien
56%
Europa San Marino
56%
Europa Monaco
53%
Europa Montenegro
51%
Europa Makedonien
43%
Europa Liechtenstein
39%
Europa Storbritanien
38%
Europa Bosnien och Hercegovina
22%
No matching quizzes found
Score Distribution
Percent of People with Each Score
Percentile by Number Answered
Your Score History
You have not taken this quiz